MARC details
| 000 -CABECERA |
| campo de control de longitud fija |
03725nam a2200409 a 4500 |
| 003 - IDENTIFICADOR DEL NÚMERO DE CONTROL |
| campo de control |
CHAP |
| 005 - FECHA Y HORA DE LA ÚLTIMA TRANSACCIÓN |
| campo de control |
20240614121343.0 |
| 007 - CAMPO FIJO DE DESCRIPCIÓN FÍSICA--INFORMACIÓN GENERAL |
| campo de control de longitud fija |
ta |
| 008 - DATOS DE LONGITUD FIJA--INFORMACIÓN GENERAL |
| campo de control de longitud fija |
240614s2021 mx abdofom||| 001 0 spa d |
| 040 ## - FUENTE DE LA CATALOGACIÓN |
| Normas de descripción |
rda |
| 041 0# - CÓDIGO DE LENGUA |
| Código de lengua del texto/banda sonora o título independiente |
spa |
| Código de lengua del sumario o resumen |
eng |
| 100 1# - ENTRADA PRINCIPAL--NOMBRE DE PERSONA |
| 9 (RLIN) |
189213 |
| Nombre de persona |
García Ledesma, Veronica |
| 245 10 - MENCIÓN DE TÍTULO |
| Título |
Propuesta de indicación geográfia mediante el análisis de la cadena productiva del pulque en la región oriente del estado de México / |
| Mención de responsabilidad, etc. |
Herany Veronica García Ledesma Y Luis Arturo García Ledesma |
| 264 #0 - PRODUCCIÓN, PUBLICACIÓN, DISTRIBUCIÓN, FABRICACIÓN Y COPYRIGHT |
| Producción, publicación, distribución, fabricación y copyright |
Chapingo, México : |
| Nombre del de productor, editor, distribuidor, fabricante |
El autor, |
| Fecha de producción, publicación, distribución, fabricación o copyright |
2021 |
| 300 ## - DESCRIPCIÓN FÍSICA |
| Extensión |
1 recurso en línea (113 páginas) : |
| Otras características físicas |
ilustraciones, tablas, gráficas, mapas, fotos |
| 336 ## - TIPO DE CONTENIDO |
| Fuente |
rdacontent |
| Término de tipo de contenido |
texto |
| Código de tipo de contenido |
txt |
| 337 ## - TIPO DE MEDIO |
| Fuente |
rdamedia |
| Nombre/término del tipo de medio |
computadora |
| Código del tipo de medio |
c |
| 338 ## - TIPO DE SOPORTE |
| Fuente |
rdacarrier |
| Nombre/término del tipo de soporte |
recurso en línea |
| Código del tipo de soporte |
cr |
| 502 ## - NOTA DE TESIS |
| Nota de tesis |
Tesis |
| Tipo de título |
(Ingeniero Agroindustrial) -- |
| Nombre de la institución que otorga el título |
Departamento de Ingeniería Agroindustrial, |
| Año de obtención del título |
2021 |
| Información miscelánea |
Licenciatura |
| 504 ## - NOTA DE BIBLIOGRAFÍA, ETC. |
| Nota de bibliografía, etc. |
Bibliografía : 94-97 páginas |
| 520 3# - SUMARIO, ETC. |
| Sumario, etc. |
El escenario económico en el que se desarrolla la sociedad actualmente está permeado por procesos de intercambio comercial condicionados por la globalización, la cual ha incidido en las tendencias de consumo y decisiones de compra. Ha modificado la estructura y coordinación entre los distintos eslabones de las cadenas agroalimentarias en gran parte debido a que su permanencia en el mercado depende de las oportunidades y tendencias en un estrato de mercado al que estén destinados y de los parámetros de calidad y atributos que éste mercado demanda y valora; estrategias que permitan diferenciar los productos desde su origen y considerar la demanda, expectativas de los consumidores y promover atributos tangibles e intangibles como elementos de diferenciación. Para México, un país megadiverso, la protección de sus productos agroalimentarios es una oportunidad, aprovechada de manera eficiente, los productos industriales son inocuos y a simple vista atractivos para un estrato de consumo, sin embargo, carecen de elementos intangibles que pueden hacer único al producto, como la identidad, la cultura asociada a su proceso, la tradición e historia y el mismo producto. Existen antecedentes sobre esta protección, tal es el caso de las denominaciones de origen, de las cuales, en México tenemos hoy día dieciséis y se incluyen productos agroalimentarios y no agroalimentarios, a partir de esto es necesario proteger mediante nuevos mecanismos los productos tradicionales de México. En el presente trabajo de investigación se plantean elementos que funjan como recursos documentados para el uso de las Indicaciones Geográficas (IG) como herramienta para distinguir el Pulque producido en la zona oriente del Estado de México enalteciendo sus cualidades, reputación y características relacionadas a su lugar de producción.1 |
| 650 13 - PUNTO DE ACCESO ADICIONAL DE MATERIA--TÉRMINO DE MATERIA |
| Fuente del encabezamiento o término |
atg |
| 9 (RLIN) |
93009 |
| Término de materia o nombre geográfico como elemento de entrada |
Pulque |
| Subdivisión general |
Agave salmiana |
| 650 13 - PUNTO DE ACCESO ADICIONAL DE MATERIA--TÉRMINO DE MATERIA |
| Fuente del encabezamiento o término |
atg |
| 9 (RLIN) |
93009 |
| Término de materia o nombre geográfico como elemento de entrada |
Pulque |
| Subdivisión general |
Valor de mercado |
| 650 13 - PUNTO DE ACCESO ADICIONAL DE MATERIA--TÉRMINO DE MATERIA |
| Fuente del encabezamiento o término |
atg |
| 9 (RLIN) |
93009 |
| Término de materia o nombre geográfico como elemento de entrada |
Pulque |
| Subdivisión general |
Denominación de origen protegida |
| 650 13 - PUNTO DE ACCESO ADICIONAL DE MATERIA--TÉRMINO DE MATERIA |
| Fuente del encabezamiento o término |
atg |
| 9 (RLIN) |
187570 |
| Término de materia o nombre geográfico como elemento de entrada |
Ciencia del consumidor |
| 650 13 - PUNTO DE ACCESO ADICIONAL DE MATERIA--TÉRMINO DE MATERIA |
| Fuente del encabezamiento o término |
atg |
| 9 (RLIN) |
186326 |
| Término de materia o nombre geográfico como elemento de entrada |
Organización industrial y estructura de mercado |
| 650 13 - PUNTO DE ACCESO ADICIONAL DE MATERIA--TÉRMINO DE MATERIA |
| Fuente del encabezamiento o término |
atg |
| 9 (RLIN) |
93009 |
| Término de materia o nombre geográfico como elemento de entrada |
Pulque |
| Subdivisión general |
Market value |
| 650 13 - PUNTO DE ACCESO ADICIONAL DE MATERIA--TÉRMINO DE MATERIA |
| Fuente del encabezamiento o término |
atg |
| 9 (RLIN) |
93009 |
| Término de materia o nombre geográfico como elemento de entrada |
Pulque |
| Subdivisión general |
Protected designation of origin |
| 650 13 - PUNTO DE ACCESO ADICIONAL DE MATERIA--TÉRMINO DE MATERIA |
| Fuente del encabezamiento o término |
atg |
| 9 (RLIN) |
187571 |
| Término de materia o nombre geográfico como elemento de entrada |
Consumer science |
| 650 13 - PUNTO DE ACCESO ADICIONAL DE MATERIA--TÉRMINO DE MATERIA |
| Fuente del encabezamiento o término |
atg |
| 9 (RLIN) |
186327 |
| Término de materia o nombre geográfico como elemento de entrada |
Industrial organization and market structure |
| 700 1# - PUNTO DE ACCESO ADICIONAL--NOMBRE DE PERSONA |
| 9 (RLIN) |
189214 |
| Nombre de persona |
García Ledesma, Luis Arturo |
| Término indicativo de función/relación |
autor |
| 700 1# - PUNTO DE ACCESO ADICIONAL--NOMBRE DE PERSONA |
| 9 (RLIN) |
147446 |
| Nombre de persona |
Espejel García, Anastacio |
| Término indicativo de función/relación |
director |
| 700 1# - PUNTO DE ACCESO ADICIONAL--NOMBRE DE PERSONA |
| 9 (RLIN) |
150304 |
| Nombre de persona |
Ramírez Sepúlveda, Marco Favio |
| Término indicativo de función/relación |
asesor |
| 700 1# - PUNTO DE ACCESO ADICIONAL--NOMBRE DE PERSONA |
| 9 (RLIN) |
163078 |
| Nombre de persona |
Barrera Rodríguez, Ariadna Isabel |
| Término indicativo de función/relación |
asesora |
| 856 40 - LOCALIZACIÓN Y ACCESO ELECTRÓNICOS |
| Texto de enlace |
DESCARGAR PDF |
| Identificador Uniforme del Recurso |
http://10.13.5.2/tesis/tl/2021_IA_Garcia_Ledesma_LuisArturo-Garcia_Ledesma_HeranyVeronica.pdf |
| 942 ## - ELEMENTOS DE PUNTO DE ACCESO ADICIONAL (KOHA) |
| Fuente del sistema de clasificación o colocación |
Clasificación Universidad Autónoma Chapingo |
| Tipo de ítem Koha |
Tesis digital |